Estatísticas para Quiz de Tuvalu

Clique aqui para jogar o quiz

Estatísticas Gerais

  • Esse quiz foi jogado 735 vezes
  • A pontuação média é 7 de 12

Estatísticas das Respostas

DicaResposta% Correto
Línguas oficiaisInglês
91%
País cuja bandeira aparece no canto superior esquerdo da bandeira de TuvaluReino Unido
78%
País ao sul de TuvaluFiji
77%
Região da Oceania onde Tuvalu está{Poli}nésia
76%
Moeda oficialDólar
72%
Colheita básica que vem de palmeirasCoco
68%
País ao norte de TuvaluKiribati
67%
O que as nove estrelas da bandeira de Tuvalu representamIlhas
66%
51,6% dos adultos de Tuvalu são _____, a 4ª taxa mais alta de qualquer paísObesos
53%
CapitalFunafuti
46%
Línguas oficiaisTuvaluano
37%
Antigo nome de TuvaluIlhas {Ellice}
20%

Distribuição das Pontuações

Percentil de Números Respondidos

Porcentagem de Pessoas com Cada Pontuação

Sua Pontuação Histórica

Você não jogou esse quiz